000 01874cam a2200145 4500500
005 20260405085559.0
041 _afre
042 _adc
100 1 0 _aMarques-Pereira, Bérengère
_eauthor
700 1 0 _aGaribay, David
_eauthor
245 0 0 _aLa politique en Amérique latine : Histoires, institutions et citoyennetés
260 _bArmand Colin,
_c2011.
520 _aL’Amérique latine est en train de vivre une transformation démocratique sans précédent. Pour la première fois de son histoire, la sortie des dictatures et les passages à la démocratie politique vont de pair avec un ébranlement des multiples réseaux de tutelle que furent le patrimonialisme, le clientélisme, le corporatisme, et débouchent à la fois sur des processus d’individuation des citoyens et sur la revendication d’identités collectives. La reconnaissance de la diversité ethnique et de l’égalité de genre constituent les ingrédients d’une culture anti-autoritaire. S’appuyant sur l’histoire, mais aussi sur une analyse comparatiste, cet ouvrage s’attache à distinguer les points communs unissant l’évolution de ces régimes, mais aussi les singularités de chaque pays. Il offre un panorama complet des régimes et des systèmes politiques en œuvre en Amérique latine. Il intéressera principalement les étudiants en science politique, en histoire, en sociologie, en langues et civilisations, mais aussi tous ceux qui se passionnent pour ce continent en pleines mutations. Bérengère MARQUES-PEREIRA est professeure de l’Université libre de Bruxelles en sciences politiques et sociales. David GARIBAY est maître de conférences en science politique à l’Université Lumière Lyon 2, chercheur à Triangle (UMR CNRS 5206).
856 4 1 _uhttps://shs.cairn.info/politique-en-amerique-latine--9782200353155?lang=fr&redirect-ssocas=7080
999 _c2198709
_d2198709